00931nam a2200229 a 450000100060000000300090000600800410001502000150005604000280007108200180009910000350011724500250015226000420017730000100021950501800022965000630040965000200047265000400049294200120053299900170054495201400056122797CO-ViMGA141112s2004 ck r 000 u spa d a9588235200 aCO-ViMGAbspacCO-ViMGA04a342.861 T677a1 aTorres Alzate, Hernàn93258110aAspectos Municipales aColombia : bBiblioteca Juridica Dike a777p. aNaturaleza del cargo, Elecciòn popular del alcalde, Inscripcion , eleccion , periodo, posesion, Actos del alcalde, Retiro y suspension del alcalde, El alcalde y lo electoral14aADMINISTRACION MUNICIPAL - COLOMBIA - LEGISLACION 93258214aALCALDES 9599314aDERECHO MUNICIPAL - COLOMBIA932583 2ddccBK c31094d31094 00102ddc40708002aMEVIECARbMEVIECARd2015-12-04h09/nov/2009l0o342.861 T677a p22797r2015-12-04 00:00:00tEj. 1w2015-12-04yBK